00724nam a2200301Ia 4500008004100000040001000041082001600051082001500067100002600082245002100108260001000129260002100139260000900160300001100169300000600180300001300186530002100199530001700220563001000237600002600247630002100273650003000294650002100324700002600345730002100371942000900392999002100401160321s9999||||xx |||||||||||||| ||und|| cHindi aXI.B Sharma bBORI-19018 aSuresh Chandra Sharma aBharat Ke Tyohar aDelhi bAtmaram And Sons c1963 a10+216 cA eHardbook bM. V. Patwardhan u00061051.pdf astudy aSuresh Chandra Sharma aBharat Ke Tyohar a"Social History, Culture" aGeneral Indology aSuresh Chandra Sharma aBharat Ke Tyohar cBOOK c1358602d1358599